| 000 | 00820nam a2200205 i 4500 | ||
|---|---|---|---|
| 001 | 117993 | ||
| 003 | ES-MaACL | ||
| 005 | 20250929063156.0 | ||
| 007 | t| | ||
| 008 | 070214s1903 sp r ||||1| spa d | ||
| 080 | _a929-055.2(460)"15/19":75 | ||
| 100 | 0 |
_aParada y Santín, José, _d1857-1923 _988911 |
|
| 245 | 1 | 4 |
_aLas pintoras españolas : _bboceto histórico-biográfico y artístico / _cpor José Parada y Santín ; precedido de un prólogo del Excmo. e Ilmo. Sr. D. Ángel Avilés. |
| 260 |
_aMadrid : _b[s.n.], _c1903 ( _fImp. del Asilo de Huérfanos del S.C. de Jesús) |
||
| 300 |
_a94 p. ; _c19 cm. |
||
| 650 | 4 |
_aPintoras- _zEspaña. _9154089 |
|
| 700 | 1 |
_aAvilés, Ángel, _d1842-1924 _924062 |
|
| 852 |
_aES-MaACL _jT-1059-F-2 _z- Dedicatoria autógrafa del autor |
||
| 999 |
_c117993 _d117993 |
||